[Event "XXV Miedzynarodowy Festiwal Szachowy w Poznaniu - OPEN A"]
[Site "Poznan"]
[Date "2017.08.26"]
[Round "8.43"]
[White "Szafranski, Maciej "]
[Black "Zakrzewski, Bartosz"]
[Result "1/2-1/2"]
[WhiteTitle ""]
[BlackTitle ""]
[WhiteElo "1439"]
[BlackElo "1554"]

1. c4 c6 2. d3 d5 3. cxd5 cxd5 4. g3 Nf6 5. Bg2 e6 6. Nc3 Be7 7. Nf3 O-O 8. O-O
Nc6 9. Bf4 a6 10. a3 Bd6 11. Bxd6 Qxd6 12. b4 b5 13. Qb3 d4 14. Na2 Bd7 15. Rac1
Rac8 16. Rc2 Rc7 17. Rfc1 Rfc8 18. Qb2 e5 19. Ng5 h6 20. Ne4 Nxe4 21. Bxe4 Be6
22. Rc5 Ne7 23. Rxc7 Rxc7 24. Rxc7 Qxc7 25. Qc1 Qxc1+ 26. Nxc1 Nd5 27. Bxd5 Bxd5
28. Kf1 Kf8 29. e3 dxe3 30. fxe3 Ke7 31. Ke2 f5 32. Kd2 g5 33. Ne2 Ke6 34. Nc3
Bc6 35. e4 f4 36. Ke2 h5 37. Kf3 g4+ 38. Kf2 f3 39. Nd1 Kf6 40. h4 gxh3 41. Kxf3
Bd7 42. Nf2 Kg5 43. Ke3 Bg4 44. d4 exd4+ 45. Kxd4 h4 46. gxh4+ Kxh4 47. Nxh3 Bxh3
48. Kc5 Kg5 49. Kb6 Kf4 50. Kxa6 Bf1 51. Ka5 Kxe4 52. a4 bxa4 53. Kxa4 1/2-1/2

[Event "XXV Miedzynarodowy Festiwal Szachowy w Poznaniu - OPEN A"]
[Site "Poznan"]
[Date "2017.08.26"]
[Round "8.45"]
[White "Piasecki, Andrzej"]
[Black "Lisiak, Rafal"]
[Result "0-1"]
[WhiteTitle ""]
[BlackTitle ""]
[WhiteElo "1300"]
[BlackElo "1444"]

1. g4 d5 2. Bg2 Bxg4 3. c4 e6 4. c5 Nf6 5. d4 Be7 6. a4 c6 7. Bg5 Nbd7 8. Bxf6
Nxf6 9. Nc3 O-O 10. f3 Bh5 11. e4 dxe4 12. fxe4 Qc7 13. e5 Nd5 14. Bf3 Nxc3 15.
bxc3 Bh4+ 16. Ke2 Bg6 17. Nh3 Bf5 18. Nf2 Qe7 19. Rg1 Bxf2 20. Kxf2 Qh4+ 21. Rg3
Bg6 22. Qg1 f5 23. Kg2 f4 24. Rg4 Qe7 25. h4 Bf5 26. Rxf4 Bh3+ 27. Kg3 Rxf4 28.
Kxf4 Qxh4+ 29. Ke3 Rf8 30. Bg4 Qxg4 31. Qxg4 Bxg4 32. Rh1 h5 33. a5 g5 0-1

[Event "XXV Miedzynarodowy Festiwal Szachowy w Poznaniu - OPEN A"]
[Site "Poznan"]
[Date "2017.08.26"]
[Round "8.46"]
[White "Piechocki, Bronislaw "]
[Black "Gajewski, Zbigniew "]
[Result "1/2-1/2"]
[WhiteTitle ""]
[BlackTitle ""]
[WhiteElo "1435"]
[BlackElo "1347"]

1. Nf3 d6 2. g3 g6 3. Bg2 Bg7 4. O-O Nf6 5. d3 c6 6. c3 e5 7. Qc2 O-O 8. c4 Nbd7
9. Nfd2 Re8 10. Ne4 d5 11. Nd6 Re6 12. Nxc8 Rxc8 13. cxd5 cxd5 14. Qb3 Nb6 15.
Nd2 Rec6 16. Nf3 e4 17. dxe4 Nxe4 18. Rb1 Nc4 19. Be3 b6 20. Rfd1 Rd6 21. Nd2
Ncxd2 22. Bxd2 Nxd2 23. Rxd2 d4 24. Rd3 Qe7 25. Qd1 Re6 26. Bf3 Rc5 27. Rc1 1/2-1/2

[Event "XXV Miedzynarodowy Festiwal Szachowy w Poznaniu - OPEN A"]
[Site "Poznan"]
[Date "2017.08.26"]
[Round "8.47"]
[White "Kabzinski, Jan "]
[Black "Zielinski, Tomasz"]
[Result "0-1"]
[WhiteTitle ""]
[BlackTitle ""]
[WhiteElo "1433"]
[BlackElo "1215"]

1. c4 e5 2. Nc3 Nf6 3. e3 Bb4 4. Nge2 O-O 5. a3 Be7 6. d4 exd4 7. Nxd4 b6 8. e4
Nc6 9. Nxc6 dxc6 10. Qc2 Be6 11. Be2 Qc8 12. Bg5 h6 13. Bh4 Re8 14. O-O Nd7 15.
Bxe7 Rxe7 16. f4 f6 17. Nd1 Qe8 18. Bf3 Nc5 19. b4 Nb7 20. c5 Bf7 21. Nf2 Rc8
22. Rfe1 Bh5 23. g4 Bg6 24. Qc3 Nd8 25. Re3 Bf7 26. Rae1 Ne6 27. Nd3 Nf8 28. e5
fxe5 29. Nxe5 Bd5 30. Rd3 Bxf3 31. Nxf3 Rxe1+ 32. Nxe1 Qf7 33. Qd2 Ne6 34. cxb6
cxb6 35. f5 Nf8 36. Nf3 Qc4 37. Ne5 Qe4 38. Re3 Qb1+ 39. Kg2 c5 40. bxc5 Rxc5
41. Rc3 Rxe5 42. Rc7 Qe4+ 43. Kf2 Qxg4 44. Qa2+ Kh7 45. f6 Rf5+ 46. Ke1 Qg1+ 47.
Ke2 Rf2+ 48. Kd3 Rxa2 49. fxg7 Qxg7 0-1

[Event "XXV Miedzynarodowy Festiwal Szachowy w Poznaniu - OPEN A"]
[Site "Poznan"]
[Date "2017.08.26"]
[Round "8.48"]
[White "Kaluzny, Stanislaw "]
[Black "Drozdowicz, Ignacy "]
[Result "1-0"]
[WhiteTitle ""]
[BlackTitle ""]
[WhiteElo "1361"]
[BlackElo "1339"]

1. e4 e5 2. Nf3 Nc6 3. Bc4 Bc5 4. c3 Nf6 5. d4 exd4 6. e5 Ng4 7. cxd4 Bb4+ 8. Bd2
Bxd2+ 9. Nbxd2 d5 10. Bd3 O-O 11. a3 Nh6 12. O-O Bg4 13. Qc2 Ne7 14. Bxh7+ Kh8
15. Bd3 Bf5 16. Bxf5 Nexf5 17. Rfe1 Re8 18. h3 Rc8 19. Rac1 b6 20. b4 Qe7 21.
Qa4 Ra8 22. Rc3 Rec8 23. Rec1 a5 24. bxa5 Rxa5 25. Qb3 Ng8 26. Nb1 Qd7 27. Qc2
Ra7 28. Nbd2 f6 29. exf6 Nxf6 30. g4 Ne7 31. Ne5 Qe8 32. Re1 Qg8 33. Nef3 c6 34.
Ng5 Rac7 35. Ndf3 g6 36. Ne5 Rf8 37. Nxc6 Nxc6 38. Rxc6 Ra7 39. Ree6 Qg7 40. Qd3
Re7 41. Rxe7 Qxe7 42. Qxg6 b5 43. Qd3 Rb8 44. Kf1 Qg7 45. Rxf6 Qxg5 46. Rf5 Qc1+
47. Kg2 Qc7 48. Rh5+ Kg8 49. Qg6+ Qg7 50. Qe6+ Qf7 51. Rg5+ Kf8 52. Qd6+ Qe7 53.
Qxb8+ Kf7 54. Qg8+ Kf6 55. Qg6# 1-0

[Event "XXV Miedzynarodowy Festiwal Szachowy w Poznaniu - OPEN A"]
[Site "Poznan"]
[Date "2017.08.26"]
[Round "8.49"]
[White "Dopierala, Adam"]
[Black "Kaluzny, Jan "]
[Result "0-1"]
[WhiteTitle ""]
[BlackTitle ""]
[WhiteElo "1059"]
[BlackElo "1350"]

1. e4 c5 2. Nc3 Nc6 3. Nf3 d6 4. Be2 Nf6 5. O-O e6 6. d4 cxd4 7. Nxd4 Be7 8. Nf3
O-O 9. Bf4 a6 10. e5 Nh5 11. exd6 Nxf4 12. dxe7 Qxe7 13. Bc4 b5 14. Bd3 Bb7 15.
Qd2 Nxd3 16. cxd3 Rfd8 17. Rfe1 Nb4 18. Re3 Nd5 19. Re5 Rac8 20. Nxd5 Bxd5 21.
Qf4 Bb7 22. Rd1 Rc2 23. Rd2 Rxd2 24. Qxd2 h6 25. Re3 Qd6 26. Nh4 Qc6 27. Rg3 Rc8
28. Qe1 Qc1 29. Re3 Qxb2 30. Qa5 Rc1+ 31. Re1 Rxe1+ 32. Qxe1 Qxa2 33. h3 Qa4 34.
Qe5 Bd5 35. Nf5 exf5 36. Qxd5 Qa1+ 37. Kh2 Qf6 38. Qa2 b4 39. Qa4 Qd6+ 40. Kg1
Qb8 41. Qxa6 b3 42. Qa1 b2 43. Qb1 Qb3 44. d4 Qc3 45. Qxf5 Qc1+ 46. Kh2 b1=Q 0-1

[Event "XXV Miedzynarodowy Festiwal Szachowy w Poznaniu - OPEN A"]
[Site "Poznan"]
[Date "2017.08.26"]
[Round "8.50"]
[White "Nowak, Patrycja"]
[Black "Walaszyk, Zbigniew "]
[Result "1/2-1/2"]
[WhiteTitle ""]
[BlackTitle ""]
[WhiteElo "1182"]
[BlackElo "1344"]

1. e4 c5 2. Nf3 d6 3. d4 cxd4 4. Nxd4 Nf6 5. Nc3 g6 6. Be2 Bg7 7. O-O O-O 8. Re1
a6 9. Nb3 Nc6 10. Nd5 Nxd5 11. exd5 Na5 12. c3 Bd7 13. a4 Nxb3 14. Qxb3 Rb8 15.
g3 Qc8 16. Bg5 Be5 17. a5 Re8 18. Be3 h5 19. h4 Bg4 20. Bxg4 Qxg4 21. Ra4 Qf3
22. Bf4 Bxf4 23. Rxf4 Qd3 24. Rfe4 Kf8 25. Rb4 b5 26. axb6 a5 27. Rb5 Qd2 28.
Ra1 Ra8 29. b7 Reb8 30. bxa8=Q Rxa8 31. Rbxa5 Re8 32. Qb7 Qe2 33. Ra8 Rxa8 34.
Rxa8+ Kg7 35. Qb8 Qe1+ 36. Kh2 Qxf2+ 37. Kh3 Qf1+ 1/2-1/2

[Event "XXV Miedzynarodowy Festiwal Szachowy w Poznaniu - OPEN A"]
[Site "Poznan"]
[Date "2017.08.26"]
[Round "8.51"]
[White "Mozdzanowski, Filip"]
[Black "Nawrowski, Artur "]
[Result "1-0"]
[WhiteTitle ""]
[BlackTitle ""]
[WhiteElo "1329"]
[BlackElo "1024"]

1. Nf3 d6 2. g3 Nf6 3. Bg2 e5 4. d3 Be7 5. e4 O-O 6. O-O c5 7. h3 Nc6 8. c3 b5
9. Ne1 h6 10. f4 Qb6 11. Be3 b4 12. f5 a5 13. g4 Nd7 14. Rf2 Bh4 15. Rd2 a4 16.
Nf3 Bg3 17. Kh1 Bb7 18. g5 bxc3 19. bxc3 d5 20. gxh6 gxh6 21. Bxh6 Rfe8 22. Ne1
Nf6 23. Bg5 Ne7 24. Bxf6 Qxf6 25. Qg4+ Qg7 26. Na3 Qxg4 27. hxg4 Ba6 28. exd5
Kg7 29. d6 Rh8+ 30. Kg1 Nc6 31. Bxc6 Rh4 32. Bxa8 Bf4 33. Rdd1 Bc8 34. Bg2 Bg5
35. Nc4 Rxg4 36. Nb6 Be3+ 37. Kf1 Bxf5 38. d7 Bg5 39. Nf3 Bf6 40. Nxe5 Rf4+ 41.
Ke1 Bh4+ 42. Kd2 Rf2+ 43. Kc1 Bg5+ 44. Kb1 a3 45. Nbc4 Rxg2 46. Nxa3 c4 47. Naxc4
Bg4 48. Re1 Bf5 1-0